Los grandes jurisconsultos gallegos (Record no. 81883)

MARC details
000 -LEADER
campo de control de longitud fija 01005nam a2200229 i 4500
001 - NÚMERO DE CONTROL
campo de control 81883
003 - IDENTIFICADOR DE NÚMERO DE CONTROL
campo de control ES-MaACL
005 - FECHA Y HORA DE LA ÚLTIMA TRANSACCIÓN
campo de control 20230906174530.0
007 - CAMPO FIJO DE DESCRIPCIÓN FÍSICA--INFORMACIÓN GENERAL
campo de control de longitud fija t|
008 - DATOS DE LONGITUD FIJA--INFORMACIÓN GENERAL
campo de control de longitud fija 041108s1967 sp |||| |dspa d
080 ## - NÚMERO DE LA CLASIFICACIÓN DECIMAL UNIVERSAL
Número de la Clasificación Decimal Universal 34(460)"12"(094.4)
100 1# - ENTRADA PRINCIPAL--NOMBRE DE PERSONA
Nombre de persona Iglesias Corral, Manuel.
9 (RLIN) 158835
245 14 - MENCIÓN DEL TÍTULO
Título Los grandes jurisconsultos gallegos
Resto del título : Bernardo el Compostelano, el Joven : (la problemática gallega en el Código de las Siete Partidas) : discurso /
Mención de responsabilidad, etc. leído el 10 de agosto de 1967 en la solemne sesión de apertura, por su presidente... Manuel Iglesias Corral, y contestación... Luis Legaz Lacambra.
260 ## - PUBLICACIÓN, DISTRIBUCIÓN, ETC.
Lugar de publicación, distribución, etc. La Coruña :
Nombre del editor, distribuidor, etc. Academia Gallega de Jurisprudencia y Legislación,
Fecha de publicación, distribución, etc. 1967.
300 ## - DESCRIPCIÓN FÍSICA
Extensión 78 p. ;
Dimensiones 27 cm.
600 14 - PUNTO DE ACCESO ADICIONAL DE MATERIA--NOMBRE DE PERSONA
Nombre de persona Bernardo el Compostelano
Títulos y otros términos asociados al nombre El Joven.
9 (RLIN) 158836
630 04 - PUNTO DE ACCESO ADICIONAL DE MATERIA--TÍTULO UNIFORME
Título uniforme Siete partidas.
9 (RLIN) 135414
700 1# - ENTRADA AGREGADA--NOMBRE PERSONAL
Nombre de persona Legaz Lacambra, Luis.
9 (RLIN) 71264
710 2# - ENTRADA AGREGADA--NOMBRE DE ENTIDAD CORPORATIVA
Nombre de entidad corporativa o nombre de jurisdicción como elemento de entrada Academia Gallega de Jurisprudencia y Legislación.
9 (RLIN) 1197
852 4# - LOCALIZACIÓN
Ubicación ES-MaACL
Número de control de estantería C-32950
852 4# - LOCALIZACIÓN
Ubicación ES-MaACL
Número de control de estantería L-7570
Holdings
Estatus retirado Estado de pérdida Estado de daño No para préstamo Biblioteca de origen Biblioteca actual Ubicación en estantería Fecha de adquisición Fuente de adquisición Total de préstamos Signatura topográfica completa Código de barras Visto por última vez Precio de reemplazo Tipo de ítem Koha
        Biblioteca del Ateneo de Madrid Biblioteca del Ateneo de Madrid Depósito 2 17/01/2008     L-7570 1085586 23/02/2023 23/02/2023 Libro impreso
        Biblioteca del Ateneo de Madrid Biblioteca del Ateneo de Madrid Depósito 2 17/01/2008     C-32950 1085585 23/02/2023 23/02/2023 Libro impreso